00306 a2200109 4500001000700000020000600007040001100013100004400024240006200068245005700130362000900187167101 a  cMagnum aBicudo, Maria Aparecida Viggiani (Org.)10aNucleos de ensino: um projeto de educacao continuadalpor10aNucleos de ensino: um projeto de educacao continuada0 a1899